Normal view
MARC view
- Surfaces
Entry Topical Term
001 - CONTROL NUMBER
- control field: 103394
003 - CONTROL NUMBER IDENTIFIER
- control field: NUST
005 - DATE AND TIME OF LATEST TRANSACTION
- control field: 20221123090843.0
008 - FIXED-LENGTH DATA ELEMENTS
- fixed length control field: 221123|| aca||aabn | a|a d
040 ## - CATALOGING SOURCE
- Original cataloging agency: NUST
- Transcribing agency: NUST
150 ## - HEADING--TOPICAL TERM
- Topical term or geographic name entry element: Surfaces
- General subdivision: Mathematical models
670 ## - SOURCE DATA FOUND
- Source citation: Work cat.: (NUST)0: Dey, Tamal K. (Tamal Krishna), 1964- 103391, Curve and surface reconstruction :, 2007.
